00684nam a2200181Ia 4500008004100000020001800041050002800059100001800087245009500105260003600200300004000236440003000276520002200306650003000328650008400358650002900442650003100471150610s9999 xx 000 0 und d a9780590353427 aPR6068b.O93 H37b v.1  aRowling, J.K. aHarry Potter and the sorcerer's stone /cby J.K. Rowling ; illustrations by Mary GrandPre. aNew York : bScholastic,c1999. a309pages :billustrations ;c20 cm. aHarry Potter ; bk. 1vv.1 aJuvenile fiction. aFantasy fictionxJuvenile aHogwarts school of witchcraft and wizardry (Imaginary place)xJuvenile fiction. aMagicbJuvenile fiction. aSchoolsbJuvenile fiction.